| 000 | 00969cam a22001931 4500 | ||
|---|---|---|---|
| 082 |
_a998.9 _bSHA |
||
| 100 | 1 |
_aShackleton, Ernest Henry, _950093 |
|
| 245 | 1 | 4 |
_aThe heart of the Antarctic; _bbeing the story of the British Antarctic Expedition 1907-1909, _cby E. H. Shackleton, C. V. O., with an introduction by Hugh Robert Mill, D. SC., an account of the first journey to the south magnetic pole by Professor T. W. Edgeworth David, F. R. S. |
| 260 |
_aPhiladelphia, _bJ.B. Lippincott company, _c1909. |
||
| 300 |
_a2 v. _bfronts., illus., fold. plates (part col., 2 fold.) ports., maps(part fold.), facsim., diagrs. _c26 cm. |
||
| 500 | _aMany of the plates printed on both sides. | ||
| 500 | _aOne folded plate and 3 folded maps in pocket. | ||
| 526 |
_a0 _b0 _c0 _d998_900000000000000_SHA |
||
| 526 |
_a0 _b0 _c0 _d998_900000000000000_SHA |
||
| 650 |
_aMCE _9379 |
||
| 700 | 1 |
_aDavid, T. W. Edgeworth _950094 |
|
| 700 | 1 |
_aMill, Hugh Robert, _950095 |
|
| 942 |
_2ddc _cBK |
||
| 999 |
_c552840 _d552840 |
||